000 00574nam a2200193Ia 4500
005 20250508150736.0
008 008 250505s9999 xx 000 0 eng d
037 _aBooks to be hide in OPAC
040 _aFEDL
_beng
_cFEDL
041 _aeng
_2eng
084 _a371.335, WEA
_qFEDL
100 _aWeaver Gilbert G
_9314103
245 0 _aVisual aids: Their construction and use
260 _aToronto, Canada
_bD. Van Nostrand Company
300 _a386p.
700 _a Bollinger Elroy W
_9757519
942 _cHB
_h371.335, WEA
999 _c1325389
_d1325389